Transgenic approaches for abiotic stress tolerance in Hevea brasiliensis (Record no. 52976)

MARC details
000 -LEADER
fixed length control field 00556nam a2200157Ia 4500
100 ## - MAIN ENTRY--AUTHOR NAME
Personal name Thulaseedharan A.
245 #0 - TITLE STATEMENT
Title Transgenic approaches for abiotic stress tolerance in Hevea brasiliensis
260 ## - PUBLICATION, DISTRIBUTION, ETC. (IMPRINT)
Name of publisher International Symposium on Molecular Approaches for Improved Crop Productivity and Quality, 22-24 May 2002, Coimbatore, India.
Year of publication 2002
650 ## - SUBJECT ADDED ENTRY--TOPICAL TERM
Topical Term Abiotic stress
650 ## - SUBJECT ADDED ENTRY--TOPICAL TERM
Topical Term Genetic transformation
650 ## - SUBJECT ADDED ENTRY--TOPICAL TERM
Topical Term Transgenic plant
700 ## - ADDED ENTRY--PERSONAL NAME
Personal name Jayashree R.
700 ## - ADDED ENTRY--PERSONAL NAME
Personal name Sobha S.
942 ## - ADDED ENTRY ELEMENTS (KOHA)
Koha item type Bibliography STAF
Holdings
Withdrawn status Lost status Damaged status Not for loan Home library Current library Date acquired Koha item type
      Bibliography RRII Library RRII Library 09/04/2014 Bibliography STAF